Trollope and character /

Bibliographic Details
Main Author: Wall, Stephen
Format: Book
Language:English
Published: London : Faber, 1988.
Subjects:

MARC

Tag First Indicator Second Indicator Subfields
LEADER 00000cam a2200000 a 4500
001 in00001100708
005 20150929203921.0
008 880921s1988 enk 001 0 eng d
010 |a gb 88002573  
015 |a GB88-2573 
020 |a 0571145957 :  |c £17.50 
035 |a (OCoLC)17231887 
035 |9 AFT3882AM 
040 |a UKM  |c UKM  |d FIL  |d UtOrBLW 
049 |a TXAM 
050 1 4 |a PR5687 
082 0 4 |a 823/.8  |2 19 
090 |a PR5687  |b .W35 1988 
100 1 |a Wall, Stephen. 
245 1 0 |a Trollope and character /  |c Stephen Wall. 
264 1 |a London :  |b Faber,  |c 1988. 
300 |a 397 pages ;  |c 22 cm. 
336 |a text  |b txt  |2 rdacontent 
337 |a unmediated  |b n  |2 rdamedia 
338 |a volume  |b nc  |2 rdacarrier 
500 |a Includes index. 
504 |a Includes bibliographical references. 
600 1 7 |a Trollope, Anthony,  |d (1815-1882)  |x Critique et interprétation.  |2 ram 
600 1 4 |a Trollope, Anthony,  |d 1815-1882  |x Criticism and interpretation. 
999 |a MARS 
999 f f |s c930a9af-024b-3f23-a84f-e104a6a23db5  |i eef68a9b-16eb-37ab-85ba-b2c584370e45  |t 0 
952 f f |p normal  |a Texas A&M University  |b College Station  |c Sterling C. Evans Library  |d Evans: Library Stacks  |t 0  |e PR5687 .W35 1988  |h Library of Congress classification  |i unmediated -- volume  |m A14817127284 
998 f f |a PR5687 .W35 1988  |t 0  |l Evans: Library Stacks